| 000 | 00838cam a22002655a 4500 | ||
|---|---|---|---|
| 001 | 18037432 | ||
| 005 | 20160510111609.0 | ||
| 008 | 140210t2014 gw a frb 001 0 eng d | ||
| 020 | _a9783319043876 | ||
| 040 |
_aDLC _beng _cDLC _dDLC _dEG-ScBUE |
||
| 082 | 0 | 4 |
_222 _a621.47 _bBOR |
| 100 | 1 |
_aBorchert, Holger. _939942 |
|
| 245 | 1 | 0 |
_aSolar cells based on colloidal nanocrystals / _bHolger Borchert. |
| 260 |
_aCham : _bSpringer, _cc.2014. |
||
| 300 |
_axii, 236 p. : _bill. ; _c24 cm. |
||
| 490 | 0 |
_aSpringer series in materials science, _vv. 196. |
|
| 500 | _aIndex : p. 233-236. | ||
| 504 | _aIncludes bibliographical references. | ||
| 650 | 7 |
_2BUEsh _aNanocrystals. _939943 |
|
| 650 | 7 |
_aSolar cells. _2BUEsh _939944 |
|
| 650 | 7 |
_aColloidal crystals. _2BUEsh _939945 |
|
| 651 | _2BUEsh | ||
| 653 |
_bENGGEN _cMay2016 |
||
| 942 | _2ddc | ||
| 999 |
_c21718 _d21690 |
||